[Event "TUN-chT"]
[Site "Hammamet"]
[Date "2019.02.10"]
[Round "2.2"]
[White "Belhaj, Nadhem"]
[Black "Hmam, Mohamed"]
[Result "1-0"]
[WhiteElo "2045"]
[BlackElo "2020"]
[PlyCount "93"]
[EventDate "2019.02.09"]
[EventType "team-tourn"]
[EventRounds "11"]
[EventCountry "TUN"]
[SourceTitle "CBM 190 Extra"]
[Source "ChessBase"]
[SourceDate "2019.07.15"]
[SourceVersion "1"]
[SourceVersionDate "2019.07.15"]
[SourceQuality "1"]
[WhiteTeam "Kef"]
[BlackTeam "Ksour"]
[WhiteTeamCountry "TUN"]
[BlackTeamCountry "TUN"]

1. d4 Nf6 2. Nf3 e6 3. e3 b6 4. Bd3 Bb7 5. c4 c5 6. Nc3 d5 7. cxd5 exd5 8. dxc5 bxc5 9. 0-0 Be7 10. Bb5+ Kf8 11. b3 Nbd7 12. Bb2 Qc7 13. Rc1 Rd8 14. Qe2 h6 15. Rfd1 Qb6 16. Na4 Qe6 17. b4 c4 18. Nd4 Qe4 19. Bc6 Bxc6 20. Nxc6 Rc8 21. Nxe7 Qxe7 22. Qd2 h5 23. Qc3 Rh7 24. f3 h4 25. h3 Qe6 26. Qd4 Qc6 27. Nc3 Nb6 28. b5 Qe6 29. a4 Rh5 30. a5 Nbd7 31. Ne2 Rg5 32. Ba3+ Kg8 33. Nf4 Qf5 34. Qxa7 Ne5 35. Kh1 Rxg2 36. Kxg2 Qg5+ 37. Kh1 Qg3 38. Rg1 Qxf3+ 39. Rg2 Ne4 40. Qd4 Re8 41. b6 g5 42. b7 Ng6 43. Kh2 Nxf4 44. exf4 Qxf4+ 45. Kg1 Qf3 46. Bb2 c3 47. Bxc3 1-0